000 00617nam a2200181 a 4500
001 000040147
005 20201002033939.0
008 130809s1970 ag 000 0 spa d
040 _aDO-SdBNP
_bspa
_cBNPHU
100 1 _aPizarro, Narciso
_966421
245 1 0 _aAnálisis estructural de la novela /
_cNarciso Pizarro.
260 _aMéxico :
_bSiglo XXI,
_c1970.
300 _a176 p. ;
_c18 cm.
490 1 _aTeoría y critica
500 _aIncluye datos biográficos del autor en la contracubierta
500 _aIncluye referencias bibliográficas y notas al pie de las páginas
830 0 _aTeoría y critica
_931033
999 _c39637
_d39637